<?xml version="1.0" encoding="UTF-8"?>
<resp>
  <nextPage>https://data.bn.org.pl/api/networks/bibs.marcxml?marc=001+b00001150001873&amp;sinceId=1150001874</nextPage>
  <collection>
    <record xmlns='http://www.loc.gov/MARC21/slim'><leader>00857namZa2200289ZiZ4500</leader><controlfield tag='001'>b00001150001873</controlfield><controlfield tag='005'>20260403094914.9</controlfield><controlfield tag='008'>230609s        pl           |000 0 pol c</controlfield><controlfield tag='009'>9913261456205606</controlfield><datafield ind1=' ' ind2=' ' tag='020'><subfield code='a'>8388185918</subfield></datafield><datafield ind1=' ' ind2=' ' tag='035'><subfield code='a'>KR_1KR_1_20120317235314092917-48omnis_kr</subfield></datafield><datafield ind1=' ' ind2=' ' tag='035'><subfield code='a'>KR_1_20120317235314092917</subfield><subfield code='9'>ExL</subfield></datafield><datafield ind1=' ' ind2=' ' tag='035'><subfield code='a'>(PL)b00001150001873</subfield></datafield><datafield ind1=' ' ind2=' ' tag='040'><subfield code='a'>KR_1</subfield><subfield code='c'>KR_1</subfield></datafield><datafield ind1='0' ind2=' ' tag='041'><subfield code='a'>pol</subfield></datafield><datafield ind1='1' ind2=' ' tag='100'><subfield code='a'>Gorazdowski, Marcin Jan</subfield></datafield><datafield ind1='0' ind2='0' tag='245'><subfield code='a'>Mój króliczek miniaturowy /</subfield><subfield code='c'>Marcin Jan Gorazdowski.</subfield></datafield><datafield ind1=' ' ind2=' ' tag='260'><subfield code='a'>Warszawa :</subfield><subfield code='b'>&quot;Egros&quot;,</subfield><subfield code='c'>[2003].</subfield></datafield><datafield ind1=' ' ind2=' ' tag='300'><subfield code='a'>36 s., [8] s. tabl. kolor. ;</subfield><subfield code='c'>21 cm.</subfield></datafield><datafield ind1='1' ind2=' ' tag='490'><subfield code='a'>Hobby</subfield></datafield><datafield ind1=' ' ind2=' ' tag='500'><subfield code='a'>dd</subfield></datafield><datafield ind1=' ' ind2=' ' tag='504'><subfield code='a'>Bibliogr.</subfield></datafield><datafield ind1=' ' ind2='9' tag='650'><subfield code='a'>Królik miniaturowy</subfield><subfield code='x'>hodowla</subfield><subfield code='v'>poradnik</subfield></datafield><datafield ind1=' ' ind2=' ' tag='852'><subfield code='b'>48OMNIS_NETWORK</subfield><subfield code='8'>9913261456205606</subfield></datafield><datafield ind1=' ' ind2=' ' tag='920'><subfield code='a'>83-88185-91-8</subfield></datafield></record>
  </collection>
</resp>
